000 00799nam a22002897a 4500
001 5051
003 FISKH
005 20241104083016.0
008 241104b cb ||||| |||| 00| 0 eng d
020 _a059040623X
040 _aFISKH
_beng
_cFISKH
_dFISKH
050 _aPZ7.A778
082 _a813.54
100 _aAsch, Frank
_d(1946-)
245 _aMooncake /
_cFrank Asch
250 _aFirst printing in 1987
260 _aNew York :
_bScholastic,
_c1987.
300 _a28 pages :
_bColor illustrations ;
_c21 cm
505 _aN
520 _aBear builds a rocket to take him to the moon so he can taste it.
521 8 _a540L
_bLexile
521 8 _aN
_bRaz-Plus
650 _2Hibernation
_aMoon
_vFiction
651 _2Picture book
_aBears
942 _2ddc
_cBK
_n0
999 _c5051
_d5051